| 000 | 00899nam a2200277Ia 4500 | ||
|---|---|---|---|
| 003 | OSt | ||
| 005 | 20221005083721.0 | ||
| 006 | a|||||r|||| 00| 0 | ||
| 007 | ta | ||
| 008 | 221004b |||||||| |||| 00| 0 eng d | ||
| 020 |
_a9789385919060 (hbk) _c795 |
||
| 024 | _a25361 | ||
| 037 |
_b1785, 21/03/2016, The Book Seller _cTextual |
||
| 040 |
_aCRL _cCRL _beng |
||
| 041 |
_2eng _aeng |
||
| 082 | _aX:75.1TH, N3;Q6 | ||
| 100 | _aSeligson Mitchell A Ed. | ||
| 245 | 0 |
_aDevelopment and underdevelopment _bThe political economy of global inequality |
|
| 250 | _a5th ed | ||
| 260 |
_aNew Delhi _bViva Books India _c2016 |
||
| 300 |
_axiii, 461p. _ccm. |
||
| 650 | _aECONOMICS | ||
| 700 | _a Passe - Smith John T Ed. | ||
| 942 |
_hX:75.1TH, N3;Q6 _cTEXL _2cc |
||
| 999 |
_c991434 _d991434 |
||